The Best Of Animals` Tales / (Record no. 13460)
[ view plain ]
| 000 -LEADER | |
|---|---|
| fixed length control field | 00676nam a2200241 a 4500 |
| 001 - CONTROL NUMBER | |
| JCCL Control Number | 13460 |
| 003 - CONTROL NUMBER IDENTIFIER | |
| JCCL marc code | BD-JhCC |
| 005 - DATE AND TIME OF LATEST TRANSACTION | |
| control field | 20231005103411.0 |
| 008 - FIXED-LENGTH DATA ELEMENTS--GENERAL INFORMATION | |
| fixed length control field | 231005b2020 ii a|||| ||a| 000 0 eng d |
| 020 ## - INTERNATIONAL STANDARD BOOK NUMBER | |
| International Standard Book Number | 9788131025512 |
| 035 ## - SYSTEM CONTROL NUMBER | |
| system control number | (BD-JhCC)13460 |
| 040 ## - CATALOGING SOURCE | |
| Original cataloging agency | BD-JhCC |
| Modifying agency | BD-JhCC |
| 041 ## - LANGUAGE CODE | |
| Language code of Book | English |
| 082 ## - DEWEY DECIMAL CLASSIFICATION NUMBER | |
| Classification number | 813.6 |
| Author mark and Year | LAU 2020 |
| 100 ## - MAIN ENTRY--PERSONAL NAME | |
| Personal name | Grodstein, Lauren |
| 245 ## - TITLE STATEMENT | |
| Title | The Best Of Animals` Tales / |
| Statement of responsibility, etc | Lauren Grodstein, Tra:Christine Barbaste. |
| 260 ## - PUBLICATION, DISTRIBUTION, ETC. (IMPRINT) | |
| Place of publication, distribution, etc | India: |
| Name of publisher, distributor, etc | Manoj Publications; |
| 300 ## - PHYSICAL DESCRIPTION | |
| Pagination | 128 p. : |
| Other physical details | ill; |
| Dimensions | 26 cm. |
| 650 ## - SUBJECT ADDED ENTRY--TOPICAL TERM | |
| Topical term or geographic name as entry element | Manners and customs |
| General subdivision | Young adults |
| Geographic subdivision | United States |
| 700 ## - ADDED ENTRY--PERSONAL NAME | |
| Personal name | Barbaste, Christine |
| 942 ## - ADDED ENTRY ELEMENTS (KOHA) | |
| Source of classification or shelving scheme | Dewey Decimal Classification |
| Koha item type | Books |
| Source of classification or shelving scheme | Damaged status | Not for loan | Home library | Current library | Date of accession | Cost, normal purchase price | Total Checkouts | Full call number | Barcode | Checked out | Date last seen | Date checked out | Copy number | Method of acquisition | Koha item type | Currency |
|---|---|---|---|---|---|---|---|---|---|---|---|---|---|---|---|---|
| Dewey Decimal Classification | JCC Rouf Library | JCC Rouf Library | 10/05/2023 | 360.00 | 1 | 813.6 LAU 2020 | 18205 | 03/04/2026 | 01/27/2026 | 01/27/2026 | C-1 | Purchase | Books | BDT |